La arquitectura, su teoría estética expuesta comprobada y aplicada a la composición contituyendo un ensayo de teoría del arte / (Record no. 38093)

MARC details
000 -LEADER
campo de control de longitud fija 00778nam a2200205 i 4500
001 - NÚMERO DE CONTROL
campo de control 38093
003 - IDENTIFICADOR DE NÚMERO DE CONTROL
campo de control ES-MaACL
005 - FECHA Y HORA DE LA ÚLTIMA TRANSACCIÓN
campo de control 20250815150003.0
007 - CAMPO FIJO DE DESCRIPCIÓN FÍSICA--INFORMACIÓN GENERAL
campo de control de longitud fija t|
008 - DATOS DE LONGITUD FIJA--INFORMACIÓN GENERAL
campo de control de longitud fija 030224s1876 sp ||||1| spa d
080 ## - NÚMERO DE LA CLASIFICACIÓN DECIMAL UNIVERSAL
Número de la Clasificación Decimal Universal 72.01
100 1# - ENTRADA PRINCIPAL--NOMBRE DE PERSONA
Nombre de persona Cabello y Aso, Luis.
9 (RLIN) 33180
245 13 - MENCIÓN DEL TÍTULO
Título La arquitectura, su teoría estética expuesta comprobada y aplicada a la composición contituyendo un ensayo de teoría del arte /
Mención de responsabilidad, etc. por Luis Cabello y Aso.
260 ## - PUBLICACIÓN, DISTRIBUCIÓN, ETC.
Lugar de publicación, distribución, etc. Madrid :
Nombre del editor, distribuidor, etc. [s.n.],
Fecha de publicación, distribución, etc. 1876 (
Fabricante Imp. de T. Fortanet)
300 ## - DESCRIPCIÓN FÍSICA
Extensión XV, 400 p. ;
Dimensiones 23 cm.
594 ## - Nota al título y mención de responsabilidad
Nota al título y mención de responsabilidad Precede al título: Estética de las artes del dibujo.
650 #7 - PUNTO DE ACCESO ADICIONAL DE MATERIA--TÉRMINO DE MATERIA
Término de materia o nombre geográfico como elemento de entrada Estética arquitectónica
Fuente del encabezamiento o término embne
9 (RLIN) 149651
852 ## - LOCALIZACIÓN
Ubicación ES-MaACL
Número de control de estantería Z-209
Encuadernación Olim: G-2606
Signatura antigua
Nota libre .- Legado M. de la Fuente
Holdings
Estatus retirado Estado de pérdida Estado de daño No para préstamo Colección Biblioteca de origen Biblioteca actual Ubicación en estantería Fecha de adquisición Fuente de adquisición Total de préstamos Signatura topográfica completa Código de barras Visto por última vez Precio de reemplazo Tipo de ítem Koha
        Libros del s. XIX Biblioteca del Ateneo de Madrid Biblioteca del Ateneo de Madrid Depósito Z 17/01/2008     Z-209 1040104 23/02/2023 23/02/2023 Libro impreso antiguo